Estatísticas para Identifique os estados brasileiros de acordo com seus pontos turísticos, manifestações culturais e atrações naturais

Clique aqui para jogar o quiz

Estatísticas Gerais

  • Esse quiz foi jogado 326 vezes
  • A pontuação média é 25 de 27

Estatísticas das Respostas

Ponto Turístico 1Ponto Turístico 2Ponto Turístico 3Estado% Correto
Palácio dos LeõesLençóis MaranhensesPraça da Matriz de AlcântaraMaranhão
99%
Pico das Agulhas NegrasCristo RedentorMuseu Imperial de PetrópolisRio de Janeiro
96%
Encontro das Águas dos Rios Negro e SolimõesTheatro AmazonasPico da NeblinaAmazonas
95%
Praça dos Três PoderesPalácio da AlvoradaPonte JKDistrito Federal
95%
Círio de NazaréMercado Ver-O-PesoAlter do ChãoPará
95%
Elevador LacerdaChapada DiamantinaSantuário de Bom Jesus da LapaBahia
94%
Praia da Canoa QuebradaPraia de IracemaEstátua de Padre CíceroCeará
94%
Parque Nacional da Chapada dos GuimarãesPantanalRio AraguaiaMato Grosso
94%
Igreja da PampulhaCidade Histórica de Ouro PretoPico do IbiturunaMinas Gerais
94%
Serra do Rio do RastroPonte Hercílio LuzParque Beto Carrero WorldSanta Catarina
94%
GuarujáBasílica de Nossa Senhora AparecidaParque do IbirapueraSão Paulo
94%
BonitoParque das Nações IndígenasPantanalMato Grosso do Sul
93%
Monumento ao GarimpeiroMonte RoraimaPraça das ÁguasRoraima
92%
Passarela Joaquim MacedoPalácio Rio BrancoParque Ambiental Chico MendesAcre
91%
Centro Histórico de PirenópolisRio Quente ResortsChapada dos VeadeirosGoiás
91%
Cataratas do IguaçuÓpera de ArameParque Estadual de Vila VelhaParaná
91%
Lago GuaíbaCatedral de Pedra de Santa Cruz do SulMercado PúblicoRio Grande do Sul
91%
Relógio das Flores de GaranhunsMuseu Luiz GonzagaPraia da Boa ViagemPernambuco
90%
Praia de Ponta NegraCajueiro de PirangiFortaleza dos Reis MagoasRio Grande do Norte
90%
Palácio AraguaiaCachoeira do RoncadorIlha do BananalTocantins
89%
Praia de PajuçaraIgreja Nossa Senhora da CorrentePraia do FrancêsAlagoas
88%
Marco ZeroFortaleza de São José de MacapáTrapiche Eliezer LevyAmapá
88%
Palácio AnchietaConvento de Nossa Senhora da PenhaPedra AzulEspírito Santo
88%
Serra da CapivaraDelta do ParnaíbaPonte do SesquicentenárioPiauí
88%
Museu Internacional do PresépioTrês Caixas D'ÁguaEstrada de Ferro Madeira-MamoréRondônia
88%
Praça São FranciscoCânion do XingóOrla de AtalaiaSergipe
87%
Farol do Cabo BrancoAçude VelhoPraia do JacaréParaíba
85%

Distribuição das Pontuações

Percentil de Números Respondidos

Porcentagem de Pessoas com Cada Pontuação

Sua Pontuação Histórica

Você não jogou esse quiz